| 000 | 00594nam a2200145Ia 4500 | ||
|---|---|---|---|
| 008 | 220615s9999||||xx |||||||||||||| ||und|| | ||
| 020 | _a9782890000000 | ||
| 022 | _a16648714 | ||
| 245 | 0 | _aAdult Neurogenesis: Beyond Rats and Mice | |
| 546 | _aEnglish[eng] | ||
| 650 | _aBrain Development||evolution||comparative medicine||Mammals||Vertebrates||Stem Cells||Hippocampus||Subventricular zone||translational medicine||brain repair | ||
| 700 | _aBonfanti, Luca||Amrein, Irmgard | ||
| 856 | _uhttps://www.frontiersin.org/research-topics/4477/adult-neurogenesis-beyond-rats-and-mice | ||
| 942 | _cEB | ||
| 999 |
_c15530 _d15530 |
||